000 nam a22 a 4500
999 _c139536
_d139536
003 BLK
005 20210204164751.0
008 180409b bul|||||r ||||||| ||bul||
010 _aKNG00145583000
040 _aBLK
041 _aBUL
_cBUL
080 _aБългарска литература
_b821.163.2
_x-93-1
_z821.163.2-93-1
100 1 _aДушков, Атанас Гаврилов
_eпърви автор
_9365078
139 _aДушков, Атанас Гаврилов
_bД 94
245 1 0 _aЦветя за мама
_bСтихотворения : За предучилищна възраст
_cАтанас Гаврилов Душков; худож. Теодора Стойчева.
257 _aBGR
260 _bБълг. художник
_c1980
_aСофия
300 _a16 с.
_bс ил.
_c32 см
380 _aDX
500 _a40 120 тир.
700 1 _aСтойчева, Теодора
_eхудож.
_9272359
852 _aЦб ІІ 18138
856 4 _qpdf
856 4 _qpdf
942 _cKNG
_n0
_s1
944 _aCR
_c11.07.2013
_l11.07.2013 - от С1,Р / 11.07.2013
_kАйшегюл_Сабриева
944 _aED
_c11.07.2013
_l11.07.2013 - от С1,Р / 11.07.2013
999 _d139536